000 00843nam a22002057a 4500
999 _c13061
_d13061
003 AR-CdUCM
008 190411b ||||| |||| 00| 0 spa d
040 _aMUNICIPALIDAD PROVINCIAL DEL CUSCO
_cBIBLIOTECA MUNICIPAL DEL CUSCO
082 _a947.084 /
_bA28
110 _aUnión de repúblicas socialistas soviéticas
_931252
245 _aURSS 75 :
_bAnuario de la agenda de prensa nóvosti /
260 _aMoscú :
_bAgencia de prensa Nóvosti,
_c1974.
300 _a293 páginas ;
_c21 cm.
_bIlustraciones de la ciudad, fotografías,
505 _aContenido : País y población -- Unión de repúblicas libre de iguales en derechos -- Régimen social y constitucional -- Política exterior ...
650 _aSocialismo
_91037
650 _aPolítica
_9291
650 _aURSS
_92690
942 _2ddc
_cLIBROS
945 _arah
_d11/04/2019